000 01785cam a22003858i 4500
001 21881185
003 JO-AjAnu
005 20241015135306.0
006 m |o d |
007 cr |||||||||||
008 210121s2021 nyu of 001 0 eng
010 _a 2021002397
020 _a9781984826497
_q(ebook)
020 _z9781984826480
_q(hardcover)
040 _aDLC
_beng
_cDLC
_erda
_dJO-AjAnu
042 _apcc
050 0 0 _aNK2115
_b H3655 2022
082 0 0 _a747
_223
100 1 _aHenderson, Emily,
_eauthor.
245 1 4 _aThe new design rules :
_bhow to decorate and renovate from start to finish /
_cEmily Henderson with Jessica Cumberbatch Anderson ; photographs by Sara Tramp ; illustrations by Tiffany Jan.
263 _a2111
264 1 _aNew York :
_bClarkson Potter/Pubishers,
_c[2021]
300 _a1 online resource
336 _atext
_btxt
_2rdacontent
337 _acomputer
_bc
_2rdamedia
338 _aonline resource
_bcr
_2rdacarrier
500 _aIncludes index.
520 _a"From the author of the bestseller Styled, here is Emily Henderson's masterclass on interior design. From picking paint for your living room to embarking on a complete kitchen renovation, learn how she approaches every decision in designing a home, so you can take risks without experiencing regret"--
_cProvided by publisher.
588 _aDescription based on print version record and CIP data provided by publisher; resource not viewed.
650 0 _aInterior decoration
_vHandbooks, manuals, etc.
776 0 8 _iPrint version:
_aHenderson, Emily.
_tThe new design rules
_dNew York : Clarkson Potter/Pubishers, [2021]
_z9781984826480
_w(DLC) 2021002396
906 _a7
_bcbc
_corignew
_d1
_eecip
_f20
_gy-gencatlg
942 _2lcc
_cBK
_n0
999 _c33709
_d33709